000 00434nam a22001697a 4500
005 20160511115650.0
008 160511b xxu||||| |||| 00| 0 eng d
020 _a0-07-059843-6
041 _aeng
082 _b1258
100 _awilson B. homes
_9442
245 _aInnovative reward system for the changing work place
260 _aNew Delhi
_bTata MC Graw Hill,
_c2004
300 _a379
650 _aManagement
_9241
942 _cBK
999 _c530
_d530